|
|
|
|
| LEADER |
01069nam a2200253 i 4500 |
| 001 |
c000173514 |
| 003 |
CARM |
| 005 |
20021022120350.0 |
| 008 |
760628s1975 coua f000 0 eng d |
| 019 |
1 |
|
|a 24155198
|5 LACONCORD2021
|
| 035 |
|
|
|a (OCoLC)2284875
|5 LACONCORD2021
|
| 040 |
|
|
|a DME/DAS
|b eng
|c DME/DAS
|d m.c.
|d FTaSU
|d CStRLIN
|d VU
|
| 100 |
1 |
|
|a Jenne, Roy L.
|
| 245 |
1 |
0 |
|a Data sets for meteorological research /
|c Roy L. Jenne.
|
| 260 |
|
|
|a Boulder, Colo. :
|b Atmospheric Technology Division, National Center for Atmospheric Research,
|c 1975..
|
| 300 |
|
|
|a 194 p. :
|b ill. ;
|c 28 cm.
|
| 490 |
0 |
|
|a NCAR technical note ;
|v NCAR-TN/IA-111.
|
| 650 |
|
0 |
|a Meteorology
|x Observations
|x Catalogs.
|
| 650 |
|
0 |
|a Oceanography
|x Observations
|x Catalogs.
|
| 650 |
|
0 |
|a Meteorology
|x Data processing.
|
| 650 |
|
0 |
|a Oceanography
|x Data processing.
|
| 852 |
8 |
|
|b CARM
|h A2:AQ35F0
|i D06211
|p 0215455
|f BK
|
| 999 |
f |
f |
|i fe492eb2-e3bd-5fb9-922e-b3f794e8dbe0
|s b4ccdf47-1971-5679-9299-5c530e17e64e
|
| 952 |
f |
f |
|p Can circulate
|a CAVAL
|b CAVAL
|c CAVAL
|d CARM 1 Store
|e D06211
|f A2:AQ35F0
|h Other scheme
|i book
|m 0215455
|